|
|
|
|
| LEADER |
00000nam a22000007a 4500 |
| 005 |
20210503232540.0 |
| 007 |
cr|||| |||| |
| 008 |
210503s2018 co |||||s|||| 00||0 spa d |
| 020 |
|
|
|a 978-958-665-535-4
|
| 035 |
|
|
|a 33240
|
| 040 |
|
|
|a vLex
|
| 090 |
|
|
|c 11601
|d 11601
|
| 100 |
1 |
|
|a Forero Quintero, Gustavo
|
| 245 |
1 |
0 |
|a Justicia y paz en la novela de crm̕enes
|h [Recurso electrn̤ico] /
|c Gustavo Forero Quintero
|
| 256 |
|
|
|a Servicio en ln̕ea
|
| 260 |
|
|
|a Bogot:̀
|b Siglo del Hombre Editores,
|c 2018
|
| 300 |
|
|
|a 1 recurso electrn̤ico
|
| 500 |
|
|
|a Este libro recoge algunos trabajos que hicieron parte del Congreso Internacional de Literatura Medelln̕ Negro, y de colaboradores invitados a esta edicin̤ para resolver preguntas como estas: -En la novela que da cuenta de un sistema agobiado por la criminalidad se pueden encontrar pautas de justicia y paz? -Cul̀es son las ideas de justicia y paz expuestas por los escritores contemporǹeos? ¿En el campo literario de la novela de crm̕enes, cul̀es son los caminos posibles para la paz? Coedicin̤ con la Universidad de Antioquia, el Grupo de Estudios Literarios GEL, y Medelln̕ Negro.
|
| 506 |
1 |
|
|a Disponible solo en los productos indicados
|d vLex Global
|d vLex Global (Academic Edition, excluding Law Schools)
|d vLex Global (U.S. Academic Edition, Law Schools)
|d vLex Global (U.S. Academic Edition, excluding Law Schools)
|d vLex Global (Academic Edition, Law Schools)
|
| 650 |
0 |
4 |
|a Literatura
|z Colombia
|
| 740 |
0 |
|
|a vLex Libros (Servicio en ln̕ea)
|
| 856 |
4 |
0 |
|u https://vlex.com/source/justicia-y-paz-en-la-novela-de-crimenes-33240
|z Acceso restringido
|
| 942 |
|
|
|c BOOK
|
| 999 |
0 |
|
|a Literature
|